Les pilotes Honda/BAR en Formule 1 - Statistiques

Statistiques générales
  • Ce quiz a été pris 205 fois
    140 depuis la dernière actualisation
  • Le résultat moyen est 6 sur 13
Statistiques - réponses
Nb de Grands Prix Saisons Nationalité Pilote % Correct
81 1999-2003 Canada Jacques Villeneuve
99%
102 2003-2008 Royaume-Uni Jenson Button
94%
53 2006-2008 Brésil Rubens Barrichello
82%
34 2001-2002 France Olivier Panis
76%
34 2003-2005 Japon Takuma Sato
72%
3 1999 Finlande Mika Salo
55%
29 1999-2000 Brésil Ricardo Zonta
37%
1 2005 Royaume-Uni Anthony Davidson
31%
21 1967-1968 Royaume-Uni John Surtees
30%
11 1965-1966 Etats-Unis Richie Ginther
26%
1 1968 France Jo Schlesser
16%
1 1968 Royaume-Uni David Hobbs
6%
11 1964-1966 Etats-Unis Ronnie Bucknum
6%
Aucun quiz correspondant
Distribution des résultats
% des personnes avec chaque résultat
Percentile par nombre de réponses
Votre historique - résultats
Vous n’avez pas pris ce quiz depuis la dernière actualisation